[Event "Roquetas de Mar op 35th"]
[Site "Roquetas de Mar"]
[Date "2024.01.03"]
[Round "3"]
[White "Merario Alarcon, Andres"]
[Black "Lazaro Azcutia, Miguel"]
[Result "1/2-1/2"]
[WhiteElo "2429"]
[BlackElo "2044"]
[PlyCount "102"]
[EventDate "2024.01.02"]
[EventType "swiss"]
[EventRounds "9"]
[EventCountry "ESP"]
[SourceTitle "CBM 218 Extra"]
[Source "ChessBase"]
[SourceDate "2024.03.31"]
[SourceVersion "1"]
[SourceVersionDate "2024.03.31"]
[SourceQuality "1"]

1. d4 d5 2. c4 e6 3. Nc3 Nf6 4. cxd5 exd5 5. Bg5 c6 6. e3 h6 7. Bh4 Be7 8. Bd3 0-0 9. f3 b5 10. Nge2 Bb7 11. 0-0 a6 12. Rc1 Nbd7 13. Bb1 Rc8 14. Bf2 c5 15. dxc5 Bxc5 16. Nd4 Re8 17. Nce2 Ne5 18. b3 Qb6 19. Qd2 a5 20. Qb2 b4 21. Rfd1 Ba6 22. Ng3 Ned7 23. Ndf5 Bf8 24. e4 Qe6 25. exd5 Nxd5 26. Nd4 Qf6 27. Ne4 Qf4 28. g3 Rxc1 29. Rxc1 Qe5 30. f4 Qh5 31. Bc2 N7f6 32. Nxf6+ Nxf6 33. Bd1 Qh3 34. Bf3 Ng4 35. Bxg4 Qxg4 36. Qc2 Rc8 37. Qd1 Qd7 38. Rxc8 Bxc8 39. Qh5 Bb7 40. Qb5 Qc7 41. Be3 Qe7 42. Qd3 Ba8 43. Kf2 Qb7 44. Ke2 Qg2+ 45. Bf2 Qxh2 46. Qf5 Qg2 47. Qxa5 Qe4+ 48. Be3 Qg2+ 49. Bf2 Qe4+ 50. Be3 Qg2+ 51. Bf2 Qe4+ 1/2-1/2

[Event "ESP-ch U14"]
[Site "Salobrena"]
[Date "2021.07.13"]
[Round "3"]
[White "Mompel Ferruz, Xavier"]
[Black "Lazaro Azcutia, Miguel"]
[Result "1-0"]
[WhiteElo "1803"]
[BlackElo "1567"]
[PlyCount "95"]
[EventDate "2021.07.12"]
[EventType "swiss"]
[EventRounds "9"]
[EventCountry "ESP"]
[SourceTitle "EXT 2022"]
[Source "ChessBase"]
[SourceDate "2021.10.06"]
[SourceVersion "1"]
[SourceVersionDate "2021.10.06"]
[SourceQuality "1"]

1. e4 e5 2. Nf3 Nc6 3. d4 exd4 4. Nxd4 Nf6 5. Nxc6 bxc6 6. e5 Qe7 7. Qe2 Nd5 8. c4 Ba6 9. b3 Qh4 10. Bb2 Bb4+ 11. Nd2 Nc3 12. Bxc3 Bxc3 13. Rc1 Qd4 14. Rc2 0-0 15. f4 Rfe8 16. Qd3 Bxd2+ 17. Qxd2 Qe4+ 18. Kd1 c5 19. Bd3 Qc6 20. Re1 Bb7 21. Be4 Qb6 22. Bxb7 Qxb7 23. f5 f6 24. exf6 gxf6 25. Rc3 Re4 26. Rxe4 Qxe4 27. Qxd7 Kf8 28. Qd5 Qe8 29. Rg3 Rd8 30. Rg8+ Ke7 31. Rxe8+ Kxe8 32. Qxd8+ Kxd8 33. Ke2 Ke7 34. Ke3 Kd6 35. Kf4 c6 36. h4 Ke7 37. g4 h6 38. g5 fxg5+ 39. hxg5 h5 40. Kg3 a5 41. Kh4 Kf7 42. Kxh5 Kg7 43. a4 Kg8 44. g6 Kg7 45. Kg5 Kg8 46. f6 Kh8 47. Kh6 Kg8 48. f7+ 1-0